[Event "RUS-ch"]
[Site "Elista"]
[Date "1996.??.??"]
[Round "7"]
[White "Kharlov, Andrei"]
[Black "Namgilov, Sogto"]
[Result "1-0"]
[WhiteElo "2605"]
[BlackElo "2495"]
[Annotator "Schlosser,P"]
[PlyCount "63"]
[EventDate "1996.10.15"]
[EventType "swiss"]
[EventRounds "11"]
[EventCountry "RUS"]
[SourceTitle "CBM 056"]
[Source "ChessBase"]
[SourceDate "1997.02.01"]
[SourceVersion "1"]
[SourceVersionDate "1997.02.01"]
[SourceQuality "1"]

1. e4 c6 2. d4 d5 3. exd5 cxd5 4. c4 Nf6 5. Nc3 e6 6. Nf3 Bb4 7. cxd5 Nxd5 8.
Qc2 Nc6 9. Be2 O-O 10. O-O Be7 (10... Re8 $142 $5 11. Rd1 Bf8 {1/2-1/2
Sveshnikov,E-Tukmakov,V/EUCup f 1996 (20)}) 11. Rd1 Nxc3 $2 {Unverständlich,
daß ein starker Spieler trotz Vorbereitung einen so widersinnigen Zug spielen
kann! Wenn Schwarz unbedingt eine Konstellation mit Hängenden Bauern
herbeiführen will, sollte er sich damit zumindest noch einen Zug Zeit lassen,
um die weißen Pläne bzw. ein Zugeständnis abzuwarten:} (11... Re8 12. a3 Nxc3
13. bxc3 b6 14. Bd3 g6 15. h4 $36 {Trotz des für Schwarz günstigen
zusätzlichen Zugpaars Re8/a3 entwickelte sich die Partie 1-0 Maksimenko,
A-Macieja,B/Copenhagen PC 1996 (32) recht angenehm für den Anziehenden.}) ({
Eine anspruchsvollere augenscheinlich von Steinitz motivierte Aufstellung
spielte dagegen Kharlov's Gegner drei Runden zuvor:} 11... Qa5 $5 12. a3 Rd8
13. b4 $6 {Jedoch ist zu vermuten, daß der Russe bei einem zweiten Versuch,
die Sache ruhiger hätte angehen lassen, um die Entwicklungsprobleme des Bc8
langfristig auszunutzen. In der Partie stellte sich jedenfalls nur die Frage,
ob der schwarze Vorteil zum Gewinn ausreichend ist oder nicht.  1/2-1/2
Kharlov,A-Lastin,A/RUS-ch 1996 (31)}) 12. bxc3 b6 13. Bd3 g6 14. Bh6 Re8 15.
Bb5 $16 Bb7 $2 (15... Bd7 $5 16. d5 $140 exd5 17. Rxd5 Qc8 $132) 16. c4 $1 {
Wie soll sich Schwarz nun befreien? Im Folgenden verwertet Kharlov taktisch
pointiert seine Chancen.} a6 17. Ba4 Nb4 18. Qb2 Bxf3 19. gxf3 b5 20. d5 $1 $18
Bf6 21. Qxb4 Bxa1 22. cxb5 Qf6 23. b6 Bc3 24. Qg4 Red8 25. Bg5 Qe5 26. b7 Rab8
27. Bxd8 Rxd8 28. dxe6 Rxd1+ 29. Bxd1 fxe6 30. f4 Qc7 31. Qxe6+ Kg7 32. Qc8 1-0

[Event "RUS-ch"]
[Site "Elista"]
[Date "1996.??.??"]
[Round "8"]
[White "Volzhin, Alexander"]
[Black "Kharlov, Andrei"]
[Result "0-1"]
[WhiteElo "2485"]
[BlackElo "2605"]
[Annotator "Ftacnik,L"]
[PlyCount "88"]
[EventDate "1996.10.15"]
[EventType "swiss"]
[EventRounds "11"]
[EventCountry "RUS"]
[SourceTitle "CBM 056"]
[Source "ChessBase"]
[SourceDate "1997.02.01"]
[SourceVersion "1"]
[SourceVersionDate "1997.02.01"]
[SourceQuality "1"]

1. d4 {Belov} d5 2. c4 dxc4 3. e3 Nf6 4. Bxc4 e6 5. Nf3 a6 6. O-O c5 7. Bb3 Nc6
8. Nc3 (8. Qe2 {Belov} cxd4 9. Rd1 d3 10. Rxd3 Qc7 11. Nc3 Bc5 12. h3 (12. a3
O-O 13. Bd2 b5 14. Rc1 Qb6 15. e4 Ng4 16. Nd1 Bb7 $132 {Piket,J-Lautier,J/
Amsterdam/1995/0:1/52/}) 12... O-O 13. e4 Nd7 14. Be3 Bxe3 15. Qxe3 b6 16. Na4
b5 17. Nc5 Nce5 18. Nxd7 Nxf3+ 19. gxf3 Bxd7 20. Rc1 Qb7 21. Kh1 Rfc8 22. Rg1
$36 {Lalic,B-Hartman,Ch/Port Erin/1995/0,5/34/}) 8... cxd4 (8... Be7 9. d5 (9.
Qe2 O-O (9... cxd4 {Belov} 10. Rd1 O-O 11. exd4 Qa5 (11... Na5 12. Bc2 b5 13.
Bg5 Bb7 14. Ne5 g6 15. Bh6 (15. Bxf6 Bxf6 16. Be4 Bxe4 17. Nxe4 Bg7 18. Rac1
$14 {Kaidanov,G-Brunner,L/Luzern/1993/1:0/22/}) 15... Re8 16. a3 Nh5 17. b4 Nc6
18. Be4 $16 {Lerner,K-Dokhoian,Y/Harkov/1985/}) 12. d5 Nxd5 13. Nxd5 exd5 14.
Bxd5 Bf6 15. Bg5 $36 {Vaulin,A-Zakharov,A/St Peterburg op/1996/1:0/26/}) 10.
Rd1 Qc7 11. Bd2 b5 12. dxc5 Bxc5 13. Rdc1 Ne5 14. Nxe5 Qxe5 15. Qf3 Rb8 16. e4
Bd6 17. g3 Nd7 18. Rd1 Qf6 19. Qxf6 Nxf6 {Gurevich,D-Kaidanov,G/Philadelphia
World op (08) ;EXT 95op 1995/0-1 (52)}) (9. dxc5 $6 Qxd1 10. Rxd1 Bxc5 11. Bd2
Bd7 12. Rac1 Ba7 13. Be1 O-O $2 (13... Ke7 $1 $10) 14. Na4 Rfc8 15. Nc5 Bxc5
16. Rxc5 Ne7 17. Rxc8+ $1 Rxc8 18. Ne5 Bb5 19. Nc4 $1 Bc6 $5 20. Nb6 $1 Re8 21.
f3 $16 {Atalik,S-Van der Sterren,P/Reykjavik/1994/}) 9... exd5 10. Nxd5 Nxd5
11. Bxd5 Qc7 12. Bd2 Bf6 13. Qc2 Ne7 14. Be4 Be6 15. Rac1 Rc8 16. Rfd1 h6 17.
Qa4+ Bd7 18. Qa5 Qxa5 19. Bxa5 {Seul,G-Roos,T/Bonn GSK ;CBM 34 1993/1-0 (62)})
9. exd4 Be7 10. Re1 (10. d5 exd5 11. Nxd5 Nxd5 12. Qxd5 Be6 13. Qxd8+ Nxd8 14.
Nd4 Bxb3 15. Nxb3 O-O 16. Be3 Nc6 17. Rad1 Rfd8 18. Bb6 Rxd1 19. Rxd1 Bd8 $10 {
Panczyk,K-Szymczak,Z/POL-chT Jachranka (03) ;EXT 87ch2 1987/1/2-1/2 (31)})
10... O-O 11. a3 (11. d5 exd5 12. Nxd5 Nxd5 13. Qxd5 Bg4 14. Qe4 Qd7 $10) 11...
Na5 12. Ba2 b5 13. Ne5 (13. d5 $5 exd5 (13... Nc4 14. dxe6 Bxe6 15. Qxd8 Bxd8
16. Nd4 $14) 14. Nxd5 Nxd5 15. Qxd5 Be6 16. Qxd8 Raxd8 17. Bxe6 fxe6 18. Rxe6
Rd1+ 19. Re1 Rxe1+ 20. Nxe1 Rd8 $44) 13... Bb7 14. Bg5 Re8 15. Qe2 Qd6 {
Black defends the most vulnerable squares f7,e6. Schwarz verteidigt die
empfindlichsten Felder f7,e6.} (15... Qxd4 $2 16. Nxf7 $1 Kxf7 (16... Bf8 17.
Rad1 Qb6 18. Ne5 $16) 17. Qxe6+ Kg6 (17... Kf8 {Belov} 18. Qf7#) 18. Qf7+ Kxg5
19. Qxg7+ Kh4 (19... Kf5 20. Be6+ Kf4 21. Qg3#) 20. g3+ Kh3 21. Be6+ $18) 16.
Rad1 Bd5 (16... Rad8 17. Bf4 Qb6 18. Be3 (18. Nxf7 $2 Kxf7 19. Bc7 Qxc7 20.
Qxe6+ Kg6 21. Bb1+ Kh6 22. Qh3+ Nh5 23. g4 g6 $19)) 17. Bb1 g6 (17... Bb3 $2
18. Bxf6 Bxf6 19. Bxh7+ Kxh7 20. Qh5+ Kg8 21. Qxf7+ Kh7 22. Rd3 $18) 18. Qe3
Nh5 (18... Nc4 19. Qf4 Kg7 20. Nxd5 exd5 21. Re2 $14) 19. Bxe7 (19. Bh6 $5 {
Belov} Bf8 20. Bxf8 Rxf8 21. Nxd5 exd5 (21... Qxd5 $2 22. Be4 $18) 22. Nd3 $14)
19... Rxe7 20. Nxg6 $6 (20. Nxd5 exd5 21. b4 (21. Qc3 {Belov} Nc4 22. Nd3 Rae8
$10) 21... Nb7 22. Qf3 $14) 20... hxg6 21. Nxd5 Qxd5 22. Be4 Qd8 23. Bxa8 Qxa8
24. d5 Ng7 (24... e5 25. d6 Rd7 (25... Nf4 $2 26. Qxf4 exf4 27. dxe7 $18) 26.
Qxe5 (26. Qxe5 {Belov} Nc4 27. Qe8+ Qxe8 28. Rxe8+ Kg7 29. Ra8 Nxb2 30. Rxa6
Nc4 31. g3 $15)) 25. Qc3 Nb7 {Black is lucky, that white can not turn his d
pawn into strong feauture of the position. Schwarz hat Glück, daß Weiß den
d-Bauern nicht zum Zeichen einer starken Stellung aufwerten kann.} (25... Nc4
26. b3 Nb6 (26... Nxa3 27. Qc5 $18) 27. Qc5 Qb7 (27... Rb7 {Belov} 28. d6 Nd7
29. Qc3 $132) (27... Nxd5 28. Rxd5 Qxd5 29. Qxe7 $18)) (25... Qd8 {Belov} 26.
dxe6 $16) 26. Qc6 (26. d6 Rd7 27. Qc6 Qd8 $15 (27... Qd8 {Belov} 28. Qxa6 Nxd6
$17)) 26... Re8 27. Rc1 (27. d6 {Belov} Rd8 28. d7 $5) 27... Na5 (27... exd5 $2
{Belov} 28. Rxe8+ Nxe8 29. Qxd5 Ned6 30. Rc6 Qe8 31. g3 $15) 28. Qc7 (28. Qxa8
Rxa8 29. d6 Rd8 30. Red1 Kf8 $17 (30... Nc4 {Belov} 31. d7 Kf8 $17)) 28... Nc4
29. b3 Rc8 30. Qd7 Rd8 31. Qc7 Nd6 (31... Nxa3 {Belov} 32. Qa5 b4 33. Qxb4 Nb5
$17) 32. dxe6 (32. Rcd1 exd5 33. Rxd5 Ngf5 34. Rde5 Nh4 35. f3 Nhf5 $17) 32...
Nxe6 33. Rxe6 (33. Qb6 Nf4 $17) (33. Qc2 {Belov} Nf5 $17) 33... fxe6 34. Qe7
Nf7 35. Qxe6 Rd6 (35... Kg7 {Belov} 36. Rc7 $4 Rd1+ $19) 36. Qe3 (36. Rc8+ Kg7
37. Qxd6 Qxc8 38. Qd4+ Kg8 $19) 36... Qd8 37. g3 Rd1+ 38. Rxd1 Qxd1+ 39. Kg2
Qd5+ 40. Qf3 (40. f3 a5 $17) 40... Qe6 (40... Qxf3+ 41. Kxf3 Kg7 (41... Kf8 {
Belov} 42. Ke4 Ke7 43. Kd5 Kd7 44. h4 Nd6 45. g4 Nf7 46. h5 gxh5 47. gxh5 $132)
42. Ke4 Kf6 43. Kd5 $132) 41. h4 Ne5 42. Qe3 Kf7 43. f3 Nc6 44. Qf4+ (44. Qxe6+
Kxe6 45. Kf2 Nd4 46. b4 Nc2 $19) 44... Ke8 (44... Ke8 {Belov} 45. b4 Qa2+ 46.
Kh3 Qxa3 47. Qe4+ Ne7 48. Qa8+ Kf7 $19) 0-1

[Event "RUS-ch"]
[Site "Elista"]
[Date "1996.??.??"]
[Round "10"]
[White "Kharlov, Andrei"]
[Black "Ulibin, Mikhail"]
[Result "1/2-1/2"]
[WhiteElo "2605"]
[BlackElo "2550"]
[Annotator "Bangiev"]
[PlyCount "43"]
[EventDate "1996.10.15"]
[EventType "swiss"]
[EventRounds "11"]
[EventCountry "RUS"]
[SourceTitle "CBM 056"]
[Source "ChessBase"]
[SourceDate "1997.02.01"]
[SourceVersion "1"]
[SourceVersionDate "1997.02.01"]
[SourceQuality "1"]

1. c4 c5 2. Nc3 Nf6 3. Nf3 e6 4. e3 d5 5. d4 Nc6 6. cxd5 exd5 7. Bb5 Bd6 8. O-O
(8. dxc5 {ist die Hauptvariante.}) 8... O-O 9. h3 a6 10. Bxc6 bxc6 11. dxc5
Bxc5 12. b3 Re8 {[%csl Ye4]} 13. Bb2 {[%csl Yd4]} Qd6 $5 14. Na4 {[%csl Yc5]
[%cal Yb2f6]} Ba7 15. Bd4 $5 (15. Rc1 Ne4 16. Qc2 c5 17. Rfd1 Qg6 $5 {[%csl
Yg2,Rh3]} 18. Rxd5 Bxh3 19. g3 $13) 15... Ne4 {[%csl Yc5,Yd4]} 16. Bxa7 Rxa7
17. Nd2 (17. Rc1 Qg6 18. Nh4 (18. Kh1 Qh6 $36) 18... Qh6 19. Nf3 Qg6 $11) 17...
Nxd2 (17... Qg6 18. Nxe4 Rxe4 19. Qf3 Rh4 20. Rac1 Bxh3 (20... Rxh3 21. Qxd5
$14) 21. Qg3 $6) 18. Qxd2 Qg6 $1 19. Kh2 Qd6+ 20. Kh1 (20. g3 $2 Qh6) 20... Qh6
21. Kh2 (21. Qd4 {/\22...Re4} Rae7 $1 $17 22. Nc5 Bxh3 $2 23. gxh3 $19 Qxh3+
24. Kg1 Re5) (21. f4 Bxh3 22. gxh3 Qxh3+ 23. Qh2 Qxe3 $15) 21... Qd6+ 22. Kh1
1/2-1/2

[Event "RUS-ch"]
[Site "Elista"]
[Date "1996.??.??"]
[Round "11"]
[White "Yemelin, Vasily"]
[Black "Kharlov, Andrei"]
[Result "1-0"]
[WhiteElo "2460"]
[BlackElo "2605"]
[PlyCount "99"]
[EventDate "1996.10.15"]
[EventType "swiss"]
[EventRounds "11"]
[EventCountry "RUS"]
[SourceTitle "CBM 056"]
[Source "ChessBase"]
[SourceDate "1997.02.01"]
[SourceVersion "1"]
[SourceVersionDate "1997.02.01"]
[SourceQuality "1"]

1. e4 c5 2. Nf3 Nc6 3. d4 cxd4 4. Nxd4 Nf6 5. Nc3 d6 6. Bg5 e6 7. Qd2 Be7 8.
O-O-O O-O 9. f4 Nxd4 10. Qxd4 Qa5 11. Bc4 Bd7 12. e5 dxe5 13. fxe5 Bc6 14. Bd2
Nd7 15. Nd5 Qd8 16. Nxe7+ Qxe7 17. Rhe1 Rfd8 18. Qg4 Nf8 19. Bd3 Rd5 20. Bb4
Qd8 21. h4 Ng6 22. Bxg6 hxg6 23. Qf4 Rc8 24. Rf1 Rxd1+ 25. Rxd1 Bd5 26. b3 a5
27. Bd6 Bxg2 28. Qg5 Qxg5+ 29. hxg5 Be4 30. c4 b5 31. Be7 Bd5 32. c5 f6 33.
exf6 gxf6 34. gxf6 Kf7 35. Kd2 Rh8 36. Ke3 Rh3+ 37. Kf4 Rh2 38. Ke5 Rxa2 39.
Rc1 Re2+ 40. Kd6 Rd2 41. c6 a4 42. bxa4 bxa4 43. Ke5 Re2+ 44. Kd4 Be4 45. c7
e5+ 46. Kc5 Bf5 47. Rh1 Rc2+ 48. Kd6 Kg8 49. Rh8+ Kxh8 50. f7 1-0

[Event "Minsk op"]
[Site "Minsk"]
[Date "1997.??.??"]
[Round "1"]
[White "Kharlov, Andrei"]
[Black "Pedersen, Jacob Bang"]
[Result "1-0"]
[WhiteElo "2555"]
[BlackElo "2180"]
[PlyCount "59"]
[EventDate "1997.??.??"]
[EventType "game"]
[EventRounds "9"]
[EventCountry "BLR"]
[SourceTitle "EXT 2000"]
[Source "ChessBase"]
[SourceDate "1999.11.16"]
[SourceVersion "1"]
[SourceVersionDate "1999.11.16"]
[SourceQuality "1"]

1. d4 Nf6 2. c4 e6 3. Nc3 Bb4 4. e3 O-O 5. Nge2 b6 6. a3 Be7 7. e4 d6 8. Ng3
Bb7 9. Be2 Nbd7 10. O-O Re8 11. f4 e5 12. fxe5 dxe5 13. d5 Bc5+ 14. Kh1 Bd4 15.
Nb5 Nc5 16. Nxd4 exd4 17. Bg5 Ncxe4 18. Nxe4 Rxe4 19. Bd3 Re5 20. Bxf6 gxf6 21.
Qg4+ Rg5 22. Qe4 Rg7 23. Rae1 Kf8 24. Re2 Qd7 25. Qxd4 c6 26. d6 c5 27. Qxf6
Re8 28. Rff2 Bc6 29. Kg1 Rd8 30. Re7 1-0

[Event "Minsk op"]
[Site "Minsk"]
[Date "1997.??.??"]
[Round "2"]
[White "Smetankin, Stanislav"]
[Black "Kharlov, Andrei"]
[Result "1/2-1/2"]
[WhiteElo "2375"]
[BlackElo "2555"]
[PlyCount "82"]
[EventDate "1997.??.??"]
[EventType "game"]
[EventRounds "9"]
[EventCountry "BLR"]
[SourceTitle "EXT 2000"]
[Source "ChessBase"]
[SourceDate "1999.11.16"]
[SourceVersion "1"]
[SourceVersionDate "1999.11.16"]
[SourceQuality "1"]

1. c4 e6 2. Nf3 d5 3. d4 Nf6 4. Nc3 dxc4 5. e3 a6 6. a4 c5 7. Bxc4 Nc6 8. O-O
Be7 9. Qe2 cxd4 10. Rd1 O-O 11. exd4 Nd5 12. Ne5 Nxc3 13. bxc3 Nxe5 14. Qxe5
Bd7 15. Bd3 Bc6 16. Qg3 Bf6 17. Ba3 Re8 18. a5 g6 19. Bc5 Bh4 20. Qg4 h5 21.
Qh3 Qf6 22. Ra2 e5 23. Bf1 exd4 24. Bxd4 Qf4 25. Be3 Qg4 26. Qxg4 hxg4 27. Rd4
Re4 28. Rxe4 Bxe4 29. Ra4 Re8 30. Bd4 Bd5 31. Ra1 f5 32. g3 Bg5 33. h3 gxh3 34.
Bxh3 Kf7 35. Bg2 Be4 36. Bxe4 fxe4 37. Rb1 Re7 38. Kf1 Rd7 39. Ke2 Bd8 40. Bb6
Bf6 41. Bd4 Bd8 1/2-1/2

[Event "Minsk op"]
[Site "Minsk"]
[Date "1997.??.??"]
[Round "3"]
[White "Kharlov, Andrei"]
[Black "Kulaga, Yurij"]
[Result "1-0"]
[WhiteElo "2555"]
[BlackElo "2405"]
[PlyCount "103"]
[EventDate "1997.??.??"]
[EventType "game"]
[EventRounds "9"]
[EventCountry "BLR"]
[SourceTitle "EXT 2000"]
[Source "ChessBase"]
[SourceDate "1999.11.16"]
[SourceVersion "1"]
[SourceVersionDate "1999.11.16"]
[SourceQuality "1"]

1. d4 g6 2. e4 Bg7 3. Nc3 c6 4. h3 d5 5. Nf3 dxe4 6. Nxe4 Nd7 7. Bc4 Ndf6 8.
Nxf6+ Nxf6 9. O-O O-O 10. Re1 Bf5 11. Bb3 a5 12. c3 b5 13. Ne5 Be4 14. a4 Bd5
15. Bc2 Nd7 16. Nd3 Nb6 17. Nf4 Qd7 18. Nd3 Rfe8 19. Bf4 Qc8 20. Be5 f6 21. Bg3
Bf7 22. Nc5 Nd5 23. axb5 cxb5 24. Bd3 b4 25. Bb5 Rd8 26. c4 Nc7 27. Bc6 e5 28.
d5 Ra7 29. Qf3 Ne8 30. Ne4 f5 31. Ng5 e4 32. Qb3 Nd6 33. Bxd6 Rxd6 34. Nxf7
Kxf7 35. c5 Rd8 36. Ra2 Kf8 37. Qc4 Qc7 38. b3 Bc3 39. Rd1 Rb8 40. Ba4 Qe5 41.
d6 Rd8 42. Re2 Raa8 43. d7 Qc7 44. Rd6 Be5 45. Red2 Bxd6 46. Rxd6 Kg7 47. Qd4+
Kh6 48. Qe3+ Kg7 49. h4 Rf8 50. h5 f4 51. Qd4+ Kh6 52. hxg6 1-0

[Event "Minsk op"]
[Site "Minsk"]
[Date "1997.??.??"]
[Round "4"]
[White "Smirnov, Valerij"]
[Black "Kharlov, Andrei"]
[Result "0-1"]
[WhiteElo "2470"]
[BlackElo "2555"]
[PlyCount "114"]
[EventDate "1997.??.??"]
[EventType "game"]
[EventRounds "9"]
[EventCountry "BLR"]
[SourceTitle "EXT 2000"]
[Source "ChessBase"]
[SourceDate "1999.11.16"]
[SourceVersion "1"]
[SourceVersionDate "1999.11.16"]
[SourceQuality "1"]

1. c4 e5 2. Nc3 Nf6 3. Nf3 Nc6 4. d3 Bb4 5. Bd2 Qe7 6. g3 e4 7. dxe4 Nxe4 8.
Rc1 Bxc3 9. Bxc3 O-O 10. Bg2 Re8 11. O-O d6 12. Re1 Bd7 13. b3 Nxc3 14. Rxc3
Qf6 15. Qd2 Re7 16. Re3 Rxe3 17. Qxe3 Re8 18. Qd2 b6 19. Ng5 h6 20. Ne4 Qd4 21.
Qxd4 Nxd4 22. e3 Nc2 23. Re2 Na3 24. Rd2 Bf5 25. Nc3 Nb1 26. Nxb1 Bxb1 27. Kf1
g5 28. h3 Re5 29. Bd5 Kf8 30. Ke2 Bf5 31. g4 Bd7 32. Bg2 f5 33. Kf3 Ke7 34. Kg3
Kf6 35. Rd3 Ra5 36. Rd2 Ra3 37. Bf3 a5 38. Bd1 a4 39. bxa4 f4+ 40. Kf3 fxe3 41.
fxe3 Bxa4 42. Be2 Bc6+ 43. Kf2 Rc3 44. Rb2 Be4 45. Rb3 Rxb3 46. axb3 c5 47. Bd1
Ke5 48. Kg3 Bb1 49. Kf3 Bd3 50. Kf2 b5 51. cxb5 Bxb5 52. Bc2 Bc6 53. Kg3 Be4
54. Bd1 Kd5 55. h4 Kc6 56. hxg5 hxg5 57. Bf3 d5 0-1

[Event "Minsk op"]
[Site "Minsk"]
[Date "1997.??.??"]
[Round "5"]
[White "Kharlov, Andrei"]
[Black "Volkov, Sergey"]
[Result "0-1"]
[WhiteElo "2555"]
[BlackElo "2480"]
[PlyCount "62"]
[EventDate "1997.??.??"]
[EventType "game"]
[EventRounds "9"]
[EventCountry "BLR"]
[SourceTitle "EXT 2000"]
[Source "ChessBase"]
[SourceDate "1999.11.16"]
[SourceVersion "1"]
[SourceVersionDate "1999.11.16"]
[SourceQuality "1"]

1. d4 d5 2. Nf3 c6 3. Bf4 Bf5 4. e3 e6 5. Be2 Nd7 6. O-O Be7 7. h3 h6 8. c4
Ngf6 9. Nc3 O-O 10. Qb3 Qb6 11. c5 Qxb3 12. axb3 Rfe8 13. b4 a6 14. Nd2 Rac8
15. g4 Bg6 16. Rfe1 Bd8 17. Bd6 Bc7 18. Bxc7 Rxc7 19. f4 Ne4 20. Ndxe4 Bxe4 21.
h4 Bh7 22. Bf3 Rd8 23. Kf2 Nf8 24. g5 hxg5 25. hxg5 Bf5 26. Rh1 Ng6 27. Ne2 Kf8
28. Ng3 Ke7 29. Kg2 Rcc8 30. Rh7 Nxf4+ 31. exf4 Bxh7 0-1

[Event "Swidnica op rap"]
[Site "Swidnica"]
[Date "1997.??.??"]
[Round "?"]
[White "Dydyshko, Viacheslav"]
[Black "Kharlov, Andrei"]
[Result "0-1"]
[WhiteElo "2480"]
[BlackElo "2555"]
[PlyCount "55"]
[EventDate "1997.??.??"]
[EventType "swiss (rapid)"]
[EventRounds "9"]
[EventCountry "POL"]
[SourceTitle "EXT 2000"]
[Source "ChessBase"]
[SourceDate "1999.11.16"]
[SourceVersion "1"]
[SourceVersionDate "1999.11.16"]
[SourceQuality "1"]

1. d4 d5 2. c4 e6 3. Nc3 Nf6 4. Bg5 dxc4 5. e4 c5 6. d5 Be7 7. Bxf6 Bxf6 8.
Bxc4 O-O 9. Nf3 exd5 10. Bxd5 Qb6 11. Rb1 Nc6 12. Nd2 Be6 13. O-O Rad8 14. Nc4
Qa6 15. Ne3 b5 16. a3 c4 17. Ne2 Ne7 18. Qd2 Qb6 19. Rbd1 Bg5 20. Nc3 a6 21.
Rfe1 Rd6 22. Qe2 Bxe3 23. Qxe3 Qxe3 24. Rxe3 Rfd8 25. Ree1 Bxd5 26. Nxd5 Kf8
27. Nc3 Ng6 28. Rd5 0-1

[Event "Swidnica op rap"]
[Site "Swidnica"]
[Date "1997.??.??"]
[Round "?"]
[White "Kharlov, Andrei"]
[Black "Dydyshko, Viacheslav"]
[Result "1/2-1/2"]
[WhiteElo "2555"]
[BlackElo "2480"]
[PlyCount "61"]
[EventDate "1997.??.??"]
[EventType "swiss (rapid)"]
[EventRounds "9"]
[EventCountry "POL"]
[SourceTitle "EXT 2000"]
[Source "ChessBase"]
[SourceDate "1999.11.16"]
[SourceVersion "1"]
[SourceVersionDate "1999.11.16"]
[SourceQuality "1"]

1. e4 c5 2. c3 Nf6 3. e5 Nd5 4. d4 cxd4 5. Nf3 Nc6 6. Bc4 Nb6 7. Bb3 g6 8. Ng5
d5 9. exd6 e6 10. O-O Bg7 11. Ne4 h6 12. cxd4 Nxd4 13. Be3 Nf5 14. Nbc3 O-O 15.
Qe2 Bd7 16. Rad1 Rc8 17. Nb5 Nxe3 18. fxe3 Bc6 19. Nec3 Bxb5 20. Nxb5 Rc5 21.
Nc7 Re5 22. Rd3 Kh7 23. Rfd1 Nd7 24. Bc2 a6 25. b4 Qg5 26. Ba4 Nb6 27. Bb3 h5
28. Qf3 Nd7 29. Qf4 Bh6 30. Qxg5 Rxg5 31. Kf2 1/2-1/2

[Event "Linares Anibal op 04th"]
[Site "Linares"]
[Date "1997.??.??"]
[Round "1"]
[White "Ribeiro, Fernando"]
[Black "Kharlov, Andrei"]
[Result "1/2-1/2"]
[WhiteElo "2305"]
[BlackElo "2555"]
[PlyCount "122"]
[EventDate "1997.02.??"]
[EventType "swiss"]
[EventRounds "10"]
[EventCountry "ESP"]
[SourceTitle "CBM 058"]
[Source "ChessBase"]
[SourceDate "1997.06.01"]
[SourceVersion "1"]
[SourceVersionDate "1997.06.01"]
[SourceQuality "1"]

1. e4 g6 2. d4 Bg7 3. c3 d5 4. exd5 Qxd5 5. Be2 Nf6 6. Nf3 O-O 7. O-O c5 8.
dxc5 Qxc5 9. Qd4 Qxd4 10. Nxd4 Bg4 11. Bxg4 Nxg4 12. Nd2 Bxd4 13. cxd4 Nf6 14.
Nf3 Nc6 15. Be3 Rfd8 16. Rfc1 Nd5 17. Kf1 f6 18. Rc4 Rd7 19. Rac1 Kf7 20. Ke2
Rad8 21. h4 h5 22. g3 Nc7 23. R1c2 Nb5 24. a3 a6 25. Rd2 Na5 26. Rcc2 Nb3 27.
Rd3 N3xd4+ 28. Nxd4 Nxd4+ 29. Bxd4 Rxd4 30. Rxd4 Rxd4 31. Rc7 b5 32. Ra7 Rd6
33. Ke3 Rc6 34. Kd3 g5 35. hxg5 fxg5 36. Ke3 Rf6 37. Ra8 Kg6 38. Rh8 Re6+ 39.
Kd3 Rf6 40. Ke3 e5 41. Ke2 e4 42. Ke3 Kf5 43. Rxh5 Rd6 44. Rh8 Rd3+ 45. Ke2 Rb3
46. Ra8 Rxb2+ 47. Kf1 e3 48. fxe3 Kg4 49. Rxa6 Kxg3 50. Rf6 g4 51. e4 Rb3 52.
Rf5 Re3 53. Rxb5 Rxe4 54. Rb3+ Kh2 55. Rb2+ Kh1 56. Kf2 Kh2 57. Kf1+ Kh3 58.
Rb1 Re3 59. Kf2 Rf3+ 60. Kg1 Rxa3 61. Rc1 g3 1/2-1/2